000 00247nam a2200097Ia 4500
001 688780
005 20250826161621.0
008 250824s9999 xx 000 0 und d
245 0 _aÇANAKKALE SAVAŞINDA
_cMUSTAFA ORAKÇI
260 _bTİMAŞ YAYINLARI
999 _c688780
_d688780